Ventas al detalle

Bibliographic Details
Main Author: Lewison , Dale M.
Format: Section = Libro
Language:Undetermined
Spanish
Published: México Prentice Hall 1999
Subjects:
LEADER 00582nam a2200217Ia 4500
008 241007s9999||||xx |||||||||||||| ||und||
020 |a 970-17-0187-9 
040 |a BIBLIOTECA-RURC/ 658,81 L677 
041 |a spa 
082 |a 658,81 L677 
100 1 |a Lewison , Dale M. 
245 1 0 |a Ventas al detalle 
260 |a México  |b Prentice Hall  |c 1999 
300 |a 884 p. :il. 
650 7 |a ANALISIS GENERAL DE LAS VENTAS AL DETALLE 
650 7 |b  PUBLICIDAD 
650 7 |c  ANÁLISIS AMBIENTAL 
650 7 |d  EVALUACIÓN DE LOS RECURSOS 
942 |c BK  |2 ddc 
991 |a TEXTO 
999 |c 14542